01431nam a22003737a 4500003000500000005001700005008004100022010000900063011000900072035000900081040000900090090001000099100003900109245017000148260003700318300001000355502006600365590003700431590004100468590004100509590004100550590004100591590004100632590004200673650002900715650003800744650003500782650004000817901000700857942001000864949004100874999001500915952012700930CHAP20220329133639.0971013s1993 r 00010 d a8988 a9960 a9197 cCHAP aTesis00aMoncada Monjaras, Trinidad.977467 aPrueba de control químico del lírio acuático Eichhornia crassipes (Mart) Solms, bajo condiciones de invernadero con 3 dósis folar 525 FW. Marín,, N.L. 1991 aMarín, N.L. :bEl autor,c1993 a31 h. aTesis (Ing. Agr. Parasitólogo) -- UANL. Fac. de Agronomía aALEPHb10c20130110lUCH01h1224 aBATCH-UPDb10c20130110lUCH01h0035 aBATCH-UPDb10c20130110lUCH01h1308 aBATCH-UPDb10c20130409lUCH01h2018 aBATCH-UPDb10c20130410lUCH01h0823 aBATCH-UPDb10c20130914lUCH01h1726 aCONVERSIONb10c20130109lUCH01h130614aLirio acuático.96707014aMalas hierbas acuáticas.97005014aMalas hierbasxControl.97001114aMalas hierbasxNuevo León.970028 aBK cTESIS bBCcTESd-19760eTS1h30034i9197si c8988d8988 00102local4051708TESISaBCbBCcPA_TESISd2019-12-31fTESISl0oTesisp-19760r2019-12-31 00:00:00w2019-12-31yTESIS